000 00544 a2200193 4500
001 61817
005 20260407155909.0
008 260407a1948 arg spa d
003 AR-UNSa-BCEJYS
040 _aAR-UNSa-BCEJYS
_bspa
_cAR-UNSa-BCEJYS
080 _a347.72
_xSociedades comerciales
245 1 0 _aEmpresarios y sociedades
264 1 _aMadrid :
_bRevista de Derecho Privado
_c1948
300 _axviii, 407 p.
_c22 cm.
041 _aspa
942 _cBK
590 _aniveau_biblio:m niveau_hierar:0
100 1 _aFerrara, Francisco (h.)
999 _c7421
_d7421